000
00400nam a22001217a 4500
003
SGT
082
_a
920
_b
H15R
100
_a
राय, महेंद्र नाथ
245
_a
हिंदी विभाग की हि. वि. वि. की कुछ विशिस्ट विभूतिया
260
_b
कला प्रकाशन
_c
2015
300
_a
156
942
_2
ddc
_c
BK
999
_c
31996
_d
31996